|
|
|
|
| LEADER |
00000nab a2200000 i 4500 |
| 001 |
ELB8262 |
| 003 |
FINmELB |
| 005 |
20230622121057.0 |
| 006 |
m o u |
| 007 |
cr cn||||||||| |
| 008 |
230524c20039999mx tr p o 0 0spa d |
| 022 |
|
|
|a 0188-6266
|
| 035 |
|
|
|a (OCoLC)1385417754
|
| 040 |
|
|
|a FINmELB
|b spa
|e rda
|c FINmELB
|
| 050 |
|
4 |
|a AS63.A1
|b R566 2003
|
| 080 |
|
|
|a (045)
|
| 082 |
0 |
4 |
|a 056.1
|2 23
|
| 100 |
1 |
|
|a Rionda Arreguín, Isauro,
|e autor.
|
| 245 |
1 |
3 |
|a La ciudad de Guanajuato antes de la revolución de independencia de México /
|c Isauro Rionda Arreguín.
|
| 264 |
|
1 |
|a Guanajuato, México :
|b Universidad de Guanajuato,
|c 2003.
|
| 310 |
|
|
|a Cuatrimestral
|
| 336 |
|
|
|a texto
|b txt
|2 rdacontent/spa
|
| 337 |
|
|
|a computadora
|b c
|2 rdamedia/spa
|
| 338 |
|
|
|a recurso en línea
|b cr
|2 rdacarrier/spa
|
| 520 |
|
|
|a Se ofrece un panorama de cómo era Guanajuato en 1810 o sea poco antes de la Revolución. Guanajuato estaba cambiando; su población era de aproximadamente 70,000 habitantes (en la ciudad y sus alrededores). Durante la época de la Revolución, la ciudad contaba con grades y bellas construcciones, calles y empedrados, plazas, iglesias y mercados. Los tempos albergaban órdenes religiosas como la de los Franciscanos y los Jesuitas. Rodeaban a Guanajuato varios cerros y montañas: La Bufa, El Meco, La Sirena, El Cuarto, Aldama, El Tumulto y San Miguel entre otros. La actividad más importante era la minera; las vetas de la ciudad proporcionaban grandes riquezas a España.
|
| 588 |
|
|
|a Descripción basada en metadatos suministrados por el editor y otras fuentes.
|
| 588 |
|
|
|a Descripción basada en Acta universitaria, vol. 13, n. 1 (enero-abril 2003), P. 18-24.
|
| 590 |
|
|
|a Recurso electrónico. Santa Fe, Arg.: elibro, 2023. Disponible vía World Wide Web. El acceso puede estar limitado para las bibliotecas afiliadas a elibro.
|
| 650 |
|
4 |
|a Barroco.
|
| 650 |
|
4 |
|a Iglesias.
|
| 650 |
|
4 |
|a Minas.
|
| 650 |
|
4 |
|a Plazas.
|
| 650 |
|
4 |
|a Revolución.
|
| 651 |
|
4 |
|a Guanajuato.
|
| 655 |
|
4 |
|a Libros electrónicos.
|
| 773 |
0 |
|
|t Acta universitaria.
|x ISSN0188-6266
|d Guanajuato, México : Universidad de Guanajuato.
|g vol. 13, n. 1 (enero-abril 2003), p. 18-24
|
| 797 |
2 |
|
|a elibro, Corp.
|
| 856 |
4 |
0 |
|u https://elibro.uam.elogim.com/ereader/bidiuam/8262
|z Texto completo
|